Web design with macromedia studio MX 2004
Shranjeno v:
| Glavni avtor: | |
|---|---|
| Format: | Knjiga |
| Jezik: | Undetermined |
| Izdano: |
Hingham
Cahrles River media
2004
|
| Teme: | |
| Oznake: |
Označite
Brez oznak, prvi označite!
|
| Thư viện lưu trữ: | Trung tâm Học liệu Trường Đại học Cần Thơ |
|---|
| LEADER | 00602nam a2200217Ia 4500 | ||
|---|---|---|---|
| 001 | CTU_88971 | ||
| 008 | 210402s9999 xx 000 0 und d | ||
| 020 | |c 480000 | ||
| 082 | |a 005.72 | ||
| 082 | |b H931 | ||
| 100 | |a Hunley, Eric | ||
| 245 | 0 | |a Web design with macromedia studio MX 2004 | |
| 245 | 0 | |c Eric Hunley | |
| 260 | |a Hingham | ||
| 260 | |b Cahrles River media | ||
| 260 | |c 2004 | ||
| 650 | |a Web sites,Web site development | ||
| 650 | |x Design | ||
| 904 | |i Năm | ||
| 910 | |a Sách có kèm CD-ROM có số AV.001896 | ||
| 980 | |a Trung tâm Học liệu Trường Đại học Cần Thơ | ||